|
|
|
|
| LEADER |
00000nam a2200000Ii 4500 |
| 001 |
DIGOLEJNK1330 |
| 003 |
NyNyDIG |
| 006 |
m o d |
| 007 |
cr ||||||||||| |
| 008 |
260106s2023 cl o 000 0 spa d |
| 035 |
|
|
|a (OCoLC)1434140233
|
| 040 |
|
|
|a DGITA
|b eng
|e rda
|e pn
|c DGITA
|
| 020 |
|
|
|z 9789564074436
|
| 050 |
1 |
4 |
|a K213 ebook
|
| 100 |
1 |
|
|a Warat, Luis Alberto,
|d 1941-2010,
|e author.
|
| 245 |
1 |
0 |
|a Semiótica y derecho /
|c Luis A. Warat.
|
| 264 |
|
1 |
|a Santiago, Chile :
|b Ediciones Olejnik,
|c [2023]
|
| 300 |
|
|
|a 1 online resource.
|
| 336 |
|
|
|a text
|b txt
|2 rdacontent
|
| 337 |
|
|
|a computer
|b c
|2 rdamedia
|
| 338 |
|
|
|a online resource
|b cr
|2 rdacarrier
|
| 347 |
|
|
|a text file
|2 rdaft
|
| 347 |
|
|
|b PDF
|
| 490 |
1 |
|
|a Biblioteca de filosofía del derecho
|
| 588 |
0 |
|
|a Online resource; title from PDF title page (Digitalia, viewed January 6, 2026)
|
| 650 |
|
0 |
|a Semiotics (Law)
|
| 650 |
|
0 |
|a Law
|x Language.
|
| 791 |
2 |
|
|a Digitalia (Firm),
|e distributor.
|
| 793 |
0 |
|
|g Digitalia eBook Collection:
|a Ediciones Olejnik
|
| 776 |
0 |
8 |
|i Print version:
|a Warat, Luis Alberto, 1941-2010.
|t Semiótica y derecho.
|b Primera edición en Ediciones Olejnik.
|d Santiago, Chile : Ediciones Olejnik, 2023
|z 9789564074436
|
| 830 |
|
0 |
|a Biblioteca de filosofía del derecho.
|
| 856 |
4 |
0 |
|3 Digitalia Hispánica
|u https://www.digitaliapublishing.com/a/157839/
|
| 910 |
|
|
|a Premium collection: 2026
|